Estudio de antioxidantes presentes en el Noni como inhibidores de la polimerización radical en cadena del estireno
Este trabajo consiste en la extracción de antioxidantes naturales del fruto y raíz de Morinda citrifolia L (Noni) para probar su actividad inhibidora en la polimerización radical libre de estireno, en presencia de un iniciador, el procedimiento de extracción de antioxidante de la raíz se desarr...
| Main Author: | |
|---|---|
| Other Authors: | |
| Format: | Tesis Section = Libro |
| Language: | Undetermined Spanish |
| Published: |
Managua
UNI
2009
|
| Subjects: |
| LEADER | 01152nam a2200229Ia 4500 | ||
|---|---|---|---|
| 008 | 240830s9999 xx 000 0 und d | ||
| 040 | |a BIBLIOTECA-RUSB/ Mon 660.28448 A454 | ||
| 041 | |a spa | ||
| 082 | |a Mon 660.28448 A454 | ||
| 100 | 1 | |a Alonso Santos, Juan Manuel | |
| 245 | 1 | 0 | |a Estudio de antioxidantes presentes en el Noni como inhibidores de la polimerización radical en cadena del estireno |
| 260 | |a Managua |b UNI |c 2009 | ||
| 300 | |a 124 p. :il. | ||
| 502 | |a Tesis (Ingeniero Químico) - UNI, 2009. | ||
| 520 | 3 | |a Este trabajo consiste en la extracción de antioxidantes naturales del fruto y raíz de Morinda citrifolia L (Noni) para probar su actividad inhibidora en la polimerización radical libre de estireno, en presencia de un iniciador, el procedimiento de extracción de antioxidante de la raíz se desarrolló en base al método de Singh 2006 donde se reporta la obtención de antraquinonas muy importantes como el damnacantal. | |
| 650 | 7 | |a POLIMERIZACION | |
| 650 | 7 | |b ANTIOXIDANTES | |
| 650 | 7 | |c PLANTAS MEDICINALES - NONI | |
| 700 | 1 | |a Tutor: |b Guerrero Santos, Ramiro | |
| 942 | |c BK |2 ddc | ||
| 991 | |a TESIS | ||
| 999 | |c 20665 | ||